000 00646nam a2200181Ia 4500
008 151018s9999 xx 000 0 und d
082 _bRBASDV53969
_a891.463
100 _aनामदेव लक्ष्मन ढसाळ
245 _aहाडकी हाडवळा
250 _b2
260 _bशब्द प्रकाशन सातारा
_c1987
300 _a92
600 _aनामदेव लक्ष्मन ढसाळ
630 _aहाडकी हाडवळा
700 _aनामदेव लक्ष्मन ढसाळ
730 _aहाडकी हाडवळा
942 _cBOOK
999 _c1051754
_d1051751